|
|
|
|
| LEADER |
00000nam0a2200000 4500 |
| 001 |
296045 |
| 005 |
20231102000852.0 |
| 010 |
|
|
|a 9785160099835
|
| 035 |
|
|
|a (RuTPU)RU\TPU\book\321138
|
| 090 |
|
|
|a 296045
|
| 100 |
|
|
|a 20150527d2015 m y0rusy50 ca
|
| 101 |
0 |
|
|a rus
|
| 102 |
|
|
|a RU
|
| 105 |
|
|
|a a j 001zy
|
| 200 |
1 |
|
|a Гидравлика
|e учебник
|f А. П. Исаев, Н. Г. Кожевникова, А. В. Ещин
|
| 210 |
|
|
|a Москва
|c Инфра-М
|d 2015
|
| 215 |
|
|
|a 420 с.
|c ил.
|
| 225 |
1 |
|
|a Высшее образование. Бакалавриат
|
| 320 |
|
|
|a Библиогр.: с. 415.
|
| 330 |
|
|
|a Изложены основы физических свойств жидкости, гидростатика, гидродинамика. Представлены основные сведения о гидравлических машинах, гидродинамических передачах, объемном гидравлическом и пневматическом приводах, рассмотрены вопросы мелиорации и механизации орошения, водоснабжения, гидропневмотранспорта и гидроэнергетики.Предназначен для студентов высших учебных заведений, обучающихся по направлению подготовки 35.03.06 «Агроинженерия». а также может быть использован при изучении курса «Гидравлика» студентами других технических направлений подготовки и специальностей.
|
| 606 |
1 |
|
|a Гидравлика
|2 stltpush
|3 (RuTPU)RU\TPU\subj\6462
|9 34344
|
| 606 |
1 |
|
|a Гидравлические приводы
|2 stltpush
|3 (RuTPU)RU\TPU\subj\6501
|9 34377
|
| 610 |
1 |
|
|a физика
|
| 610 |
1 |
|
|a история
|
| 610 |
1 |
|
|a гидродинамика
|
| 610 |
1 |
|
|a гидравлические машины
|
| 610 |
1 |
|
|a пневмоприводы
|
| 610 |
1 |
|
|a мелиорация
|
| 610 |
1 |
|
|a механизация
|
| 610 |
1 |
|
|a орошение
|
| 610 |
1 |
|
|a гидропневмотранспортные установки
|
| 610 |
1 |
|
|a сельскохозяйственное водоснабжение
|
| 610 |
1 |
|
|a гидроэнергетика
|
| 610 |
1 |
|
|a гидростатика
|
| 610 |
1 |
|
|a гидромеханические процессы
|
| 610 |
1 |
|
|a насосы
|
| 610 |
1 |
|
|a гидравлические двигатели
|
| 610 |
1 |
|
|a гидравлические приводы
|
| 610 |
1 |
|
|a пневматические приводы
|
| 610 |
1 |
|
|a водные ресурсы
|
| 610 |
1 |
|
|a гидромелиорация
|
| 610 |
1 |
|
|a учебные пособия
|
| 675 |
|
|
|a 532(075.8)
|v 4
|
| 675 |
|
|
|a 62-82(075.8)
|v 4
|
| 700 |
|
1 |
|a Исаев
|b А. П.
|g Алексей Павлович
|
| 701 |
|
1 |
|a Кожевникова
|b Н. Г.
|g Наталья Георгиевна
|
| 701 |
|
1 |
|a Ещин
|b А. В.
|g Александр Вадимович
|
| 801 |
|
1 |
|a RU
|b 63413507
|c 20150527
|
| 801 |
|
2 |
|a RU
|b 63413507
|c 20150824
|g RCR
|
| 900 |
|
|
|a Гидравлика
|
| 942 |
|
|
|c BK
|
| 951 |
|
|
|l 8.1
|
| 959 |
|
|
|a 42/20150415
|d 5
|e 729,90
|f ЧЗТЛ:1
|f УФ:4
|